| 000 | 01062nam a2200217Ia 4500 | ||
|---|---|---|---|
| 999 |
_c36571 _d36571 |
||
| 001 | 2490 | ||
| 003 | GE_BSU | ||
| 005 | 20221003113651.0 | ||
| 008 | 181216s2005||||ge |||||||||||||| ||geo|| | ||
| 020 | _a9994032623 | ||
| 040 | _cGE_BSU | ||
| 041 | _ageo | ||
| 080 | _a342(479.22)(075.8) ც–80 | ||
| 100 |
_aცნობილაძე, პაატა _98149 |
||
| 245 |
_aსაქართველოს კონსტიტუციური სამართალი : სახელმძღვ. უმაღლ. სასწავლებლებისათვის : (სრული კურსი) : 2 ტომად / _cპაატა ცნობილაძე ; რედ. გივი ინწკირველი. |
||
| 264 |
_aთბილისი _bუნივერსალი, _c2005 |
||
| 300 |
_a416 გვ. _b20 სმ |
||
| 653 | _aკონსტიტუციური სამართალი | ||
| 700 |
_aინწკირველი, გივი _eრედაქტორი _91291 |
||
| 942 |
_cBK _2udc |
||